Statystyki dla Dokończ tekst: Żabson

Kliknij tutaj aby rozwiązać quiz!

Ogólne statystyki

  • Ten quiz został rozwiązany 490 razy
  • Średni wynik to 3 z 10

Statystyki odpowiedzi

HintOdpowiedź% Poprawnych
Dziesięć tysięcy w portfeluW pięciogwiazdkowym hotelu
88%
TrapolloMówią mi, że robię Disco Polo
65%
Nie zszedłem na psy, no bo mam coś z kotaRobię to dla matki, robię to dla ojca
40%
Kiedyś dwie lewe ręce, dzisiaj urabiam się po łokcieUrodziłem się w Opocznie
34%
By wyrywać dupy z klubu, nie opuszczam czterech ścianOna gdy wychodzi stamtąd, najebana dzwoni sama
31%
Ona dzwoni znowu, gdy jestem zajętyMówi mi, że siedzi w domu no i trochę tęskni
19%
Układałem w głowie plan, leci szmal, na koncie operacjaDiamentowy kajdan, byczku to jest inwestycja
15%
Powiedz jak mam się cieszyć,z wielkich możliwościKiedy nie mam z kim dzielić, całej tej radości
14%
W płucach smoła, kaszel mam, no, bo ciągle smażę topNa głębokich wodach pomógł mi mój skład, a nie WOPR
9%
Oddalam się w końcu za szybkie życie pożegnać do diabłaOdpadam już z tego świata, bo odwala mi znów jakaś szajba
4%

Rozkład punktacji

Percentyl według liczby udzielonych odpowiedzi

Procent ludzi z każdym wynikiem

Twoja historia wyników

Nie rozwiązałeś tego quizu